| 000 | 00791nam a22002415a 4500 | ||
|---|---|---|---|
| 005 | 20170315154713.0 | ||
| 008 | 170315s2016 ua a gr 000 0 eng d | ||
| 020 | _a9789773342210 | ||
| 040 |
_aEG-ScBUE _beng _cEG-ScBUE |
||
| 082 | 0 | 4 |
_a232.9 _bWAK _222 |
| 100 | 1 | _aWakileh, Sami. | |
| 245 | 1 | 0 |
_aIn the foot steps of Jesus / _cprepared and photographed by Sami Wakileh ; forward by Ermia. |
| 250 | _a1st ed. | ||
| 260 |
_aCairo : _bThe Coptic Orthodox Cultural Center, _c2016. |
||
| 300 |
_a147 p. : _bill. (col.) ; _c28 cm. |
||
| 541 | _aDonation from The Coptic Orthodox Cultural Center. | ||
| 600 | 1 | _aJesus Christ. | |
| 650 | 7 |
_aNatures of Jesus Christ. _2BUEsh |
|
| 651 | _2BUEsh | ||
| 653 |
_bGGEN _cMarch2017 |
||
| 700 | 0 |
_aErmia, _eauthor of introduction, etc. |
|
| 942 | _2ddc | ||
| 999 |
_c24439 _d24411 |
||